[Event "Mem Stavros Skondras 1st A"]
[Site "Thessaloniki"]
[Date "2014.10.05"]
[Round "3.1"]
[White "Vafiadis, Kleanthis"]
[Black "Tsilias, Nikolaos"]
[Result "1-0"]
[WhiteElo "2303"]
[BlackElo "1949"]
[PlyCount "115"]
[EventDate "2014.10.03"]
[EventType "swiss"]
[EventRounds "7"]
[EventCountry "GRE"]
[SourceTitle "EXT 2024"]
[Source "ChessBase"]
[SourceDate "2023.10.10"]
[SourceVersion "1"]
[SourceVersionDate "2023.10.10"]
[SourceQuality "1"]

1. d4 Nf6 2. Nf3 e6 3. Bf4 b6 4. e3 Bb7 5. Nbd2 Be7 6. h3 0-0 7. Bd3 c5 8. 0-0 d6 9. a3 Nbd7 10. Qe2 Re8 11. Bh2 Qc7 12. Rfd1 Rac8 13. Rac1 Qb8 14. c4 Bf8 15. Bb1 Qa8 16. dxc5 dxc5 17. Bg3 Bc6 18. Kh2 Qb7 19. Ne5 Nxe5 20. Bxe5 Be7 21. e4 Rcd8 22. Bf4 g6 23. e5 Nh5 24. Bh6 f5 25. exf6 Bxf6 26. Ne4 Bxe4 27. Bxe4 Qc7+ 28. g3 Bd4 29. Bf3 Ng7 30. Rc2 Nf5 31. Bf4 e5 32. Bg5 Rd7 33. Bd5+ Kg7 34. Qf3 h6 35. Bc1 Rf8 36. Kh1 Qd8 37. Qg2 Qf6 38. Re2 Re7 39. Rde1 Nd6 40. f4 e4 41. Bxe4 Nxc4 42. Bd5 Rxe2 43. Rxe2 Nd6 44. Re6 Qd8 45. g4 Rf6 46. Re2 Rf8 47. Be6 Qh4 48. Bd2 Re8 49. f5 Qf6 50. g5 hxg5 51. Bxg5 Rxe6 52. Bxf6+ Rxf6 53. Re7+ Nf7 54. Re6 g5 55. Rxf6 Bxf6 56. b3 Ne5 57. Qb7+ Kh6 58. Qxa7 1-0